00314nam a22001337a 4500003000400000020001800004082001400022100001900036245006600055250000900121260002900130300000800159650001300167SGT a9780198749363 a611bC17K aKoshi, Rachel  aCunningham's Manual of Practical AnatomybUpper & Lower LImbs a16th bOxford Univ. Pressc2017 a301 aAnatomy